Fundamentos neuropsicológicos del lenguaje

Uloženo v:
Podrobná bibliografie
Hlavní autoři: Fajardo Uribe, Luz Amparo (Autor), Moya Pardo, Constanza (Autor)
Médium: Kniha
Jazyk:španělština
Vydáno: Bogotá Universidad Salamanca 1999
Edice:Aguas Vivas, 2
Témata:
Tagy: Přidat tag
Žádné tagy, Buďte první, kdo vytvoří štítek k tomuto záznamu!

MARC

LEADER 00000nam a2200000 a 4500
001 UCO8424
003 CL-VaPUC
008 001207e19990000CK |||||||||||||||||spa|d
082 0 4 |a 401.9  |b FAJ  |2 21 
100 0 |a Fajardo Uribe, Luz Amparo  |e author  |9 453363 
700 0 |a Moya Pardo, Constanza  |e author  |9 453364 
245 1 0 |a Fundamentos neuropsicológicos del lenguaje 
300 |a 109 p 
942 |c BK 
945 |d 20001207 00:00:00  |a vberengu 
260 |a Bogotá  |b Universidad Salamanca  |c 1999 
650 0 |a Desarrollo del lenguaje   |9 311270 
650 0 |a Neuropsicología  |9 270837 
650 0 |a Neurolingüística  |9 416341 
650 0 |a Psicolingüística   |9 283371 
650 0 |a Trastornos del lenguaje  |9 336278 
583 |a last modification  |c 20001207 00:00:00  |k Rodrigo Vera 
490 0 |a Aguas Vivas, 2 
999 |c 293085  |d 293083 
952 |0 0  |1 0  |4 0  |6 401_900000000000000_FAJ_1999  |7 0  |8 A  |9 344264  |a BIBEDU  |b BIBEDU  |d 2019-11-20  |i 3673057  |o 401.9 FAJ 1999  |p 3673057  |r 2019-11-20  |w 2019-11-20  |y BK  |k LIT 
952 |0 0  |1 0  |4 0  |6 401_900000000000000_FAJ_1999  |7 0  |8 A  |9 344265  |a BIBEDU  |b BIBEDU  |d 2019-11-20  |i 3696103  |o 401.9 FAJ 1999  |p 3696103  |r 2019-11-20  |w 2019-11-20  |y BK  |k LIT